000 01076nam a22003257a 4500
003 URS
005 20260330133456.0
008 260314b |||||||| |||| 00| 0 eng d
020 _a978-0-70208-513-0
040 _bEnglish
_erda
_cURS
050 0 0 _aRG101
_b.L452 2023
245 0 0 _aClinical obstetrics and gynaecology /
_cElizabeth A. Layden...[and three others].
250 _a5th edition.
264 1 _aEdinburgh :
_bElsevier,
_c©2023.
300 _axiii, 546 pages :
_bcolour illustrations ;
_c23 cm.
336 _atext
_btxt
_2rdacontent
337 _aunmediated
_bn
_2rdamedia
338 _avolume
_bnc
_2rdacarrier
504 _aIncludes bibliographical references and index.
650 0 _aGynecology.
650 0 _aObstetrics.
650 0 _aPregnancy.
_96701
650 0 _aGenitourinary organs.
_96702
700 _aLayden, Elizabeth A.,
_eauthor.
_96696
700 _aThomson, Andrew J.,
_eeditor.
_96697
700 _aOwen, Philip,
_eeditor.
_96698
700 _aMadhra, Mayank,
_eeditor.
_96699
700 _aMagowan, Brian,
_eeditor.
_96700
942 _2lcc
_cR
999 _c99030
_d99027